Environment l Law (Record no. 29679)

MARC details
000 -LEADER
fixed length control field 00411nam a2200181Ia 4500
020 ## - INTERNATIONAL STANDARD BOOK NUMBER
ISBN 978935145914
050 ## - CALL MARK
Classification number KN 94 .M3\
100 ## - STATEMENT OF RESPONSIBILITY--MAIN AUTHOR NAME
Personal name Ma lik, Surendra
245 #0 - TITLE STATEMENT
Title Environment l Law
260 ## - PUBLICATION, DISTRIBUTION, ETC. (IMPRINT)
Place of publication India
260 ## - PUBLICATION, DISTRIBUTION, ETC. (IMPRINT)
Name of publisher Eastern publisher.
260 ## - PUBLICATION, DISTRIBUTION, ETC. (IMPRINT)
Year of publication 2015
300 ## - PHYSICAL DESCRIPTION
Number of Pages 978 p
650 ## - SUBJECT ADDED ENTRY--TOPICAL TERM
Topical Term Enviroment law.
942 ## - ADDED ENTRY ELEMENTS (KOHA)
Koha item type Books
Holdings
Withdrawn status Lost status Source of classification or shelving scheme Damaged status Not for loan Permanent Location Current Location Date acquired Accession Number Price effective from Koha item type
    Library of Congress Classification     Law Library Law Library 04/23/2025 0188283 04/23/2025 Books